The universe

Bibliographic Details
Main Author: Mohd. Azhar Zakaria
Other Authors: Redzuan Saad, Manikam, Rajendran
Format: Book
Published: Kuala Lumpur : Cipta Publishing , 2004
Series:Understanding the world around us
Subjects:

MARC

LEADER 00000cam a2200000 7i4500
001 0000006995
005 20081113.0
008 070828
020 |a 9838092967 
020 |a 9838092983 (set) 
090 0 0 |a SC   |b ENG 
100 0 |a Mohd. Azhar Zakaria 
245 1 4 |a The universe   |c Mohd. Azhar Zakaria 
260 |a Kuala Lumpur :   |b Cipta Publishing ,   |c 2004 
440 |a Understanding the world around us 
500 |a Teenagers age 10-12 
650 0 |a Astronomy 
650 0 |a Cosmology 
700 0 |a Redzuan Saad 
700 1 |a Manikam, Rajendran 
999 |a 0000921234   |b Book   |c Children Collection   |e Cawangan Bukit Gambir 
999 |a 0000932334   |b Book   |c Children Collection   |e Cawangan Tangkak 
999 |a 0000988201   |b Book   |c Teenagers   |e Perbadanan Perpustakaan Awam Johor 
999 |a 0000988202   |b Book   |c Teenagers   |e Perbadanan Perpustakaan Awam Johor 
999 |a 0000988204   |b Book   |c Teenagers   |e Perbadanan Perpustakaan Awam Johor